Self - Correcting problems in Statistics. (Record no. 1051)

MARC details
005 - DATE AND TIME OF LATEST TRANSACTION
control field 20250403090907.0
082 ## - DEWEY DECIMAL CLASSIFICATION NUMBER
Classification number 519 WHI
100 ## - MAIN ENTRY--PERSONAL NAME
Author name WHITMORE, G. A.
245 ## - TITLE STATEMENT
Title Self - Correcting problems in Statistics.
260 ## - PUBLICATION, DISTRIBUTION, ETC.
Place of publication, distribution, etc. Boston,
Name of publisher, distributor, etc. Allyn and Bacon,
Date of publication, distribution, etc. 1970.
300 ## - PHYSICAL DESCRIPTION
Extent x, 340p.: ill.; figure, table
Other physical details References
Dimensions 28cm
700 ## - ADDED ENTRY--PERSONAL NAME
Other authors/Editors NETER, J. and WASSERMAN, W.
942 ## - ADDED ENTRY ELEMENTS (KOHA)
Source of classification or shelving scheme Dewey Decimal Classification
Koha item type Books
Holdings
Date last seen Total checkouts Full call number Barcode Cost, replacement price Price effective from Koha item type Lost status Source of classification or shelving scheme Damaged status Not for loan Withdrawn status Home library Current library Shelving location Date acquired Cost, normal purchase price
04/03/2025   519 WHI 0000004080 30000.00 04/03/2025 Books   Dewey Decimal Classification       College of Business Education Main Library College of Business Education Main Library General Collection 04/03/2025 10000.00